20 Farthest East European Countries Quiz Stats

Quiz not verified by Sporcle

Also try: Anything but India
Challenge
Share
Tweet
Score 0/20 Timer 08:00
0 Plays Today
% Correct
Turkey
97.4%
Russia
96.8%
Ukraine
95.8%
Poland
95.8%
Romania
94.7%
Belarus
93.7%
Bulgaria
93.7%
Latvia
93.2%
Lithuania
93.2%
Greece
93.2%
% Correct
Estonia
92.6%
Finland
91.6%
Hungary
90.5%
Moldova
88.9%
Cyprus
87.9%
Macedonia
87.9%
Slovakia
86.3%
Serbia
83.7%
Sweden
80.5%
Norway
78.4%

You're not logged in!

Compare scores with friends on all Sporcle quizzes.
Sign Up with Email
OR
Log In

You Might Also Like...

Show Comments

Extras

Top Quizzes Today


Score Distribution

Your Account Isn't Verified!

In order to create a playlist on Sporcle, you need to verify the email address you used during registration. Go to your Sporcle Settings to finish the process.

Report this User

Report this user for behavior that violates our Community Guidelines.

Details: